MARC

LEADER 00000nam0a2200000 4500
001 173007
005 20231031164412.0
035 |a (RuTPU)RU\TPU\book\187663 
090 |a 173007 
100 |a 20091217d1969 km y0rusy50 ca 
101 0 |a rus 
102 |a RU 
105 |a a z 001zy 
200 1 |a Элементы математической лингвистики  |f А. В. Гладкий, И. А. Мельчук 
210 |a Москва  |c Наука  |d 1969 
215 |a 192 с.  |c ил. 
320 |a Библиогр.: с. 188-192. 
610 1 |a математическая лингвистика 
610 1 |a формальные грамматики 
610 1 |a порождающие грамматики 
610 1 |a естественные языки 
675 |a 4  |v 3 
700 1 |a Гладкий  |b А. В.  |g Алексей Всеволодович 
701 1 |a Мельчук  |b И. А.  |g Игорь Александрович 
801 1 |a RU  |b 63413507  |c 20091217 
801 2 |a RU  |b 63413507  |c 20100524  |g RCR 
942 |c BK